000
00288nam a22001097a 4500
999
_c
518948
_d
518948
008
211227b ||||| |||| 00| 0 eng d
245
_a
PM’s address to the nation
260
_a
Kurukshetra
300
_a
69(9), Jul, 2021: p.26-30
773
_a
69(9), Jul, 2021: p.26-30
942
_c
AR